000 00648nam a2200241 i 4500
001 C2-0235970
003 PPAK
005 20180727195918.0
008 010926s1995 nyu |||| ||||| | eng d
020 _a0553564684
040 _aPPAK
_beng
_cPPAK
_erda
082 0 4 _a823
_223
090 0 0 _a823
_bSTA
_dG
245 0 0 _aStar Wars :
_btales from the mos eisley cantina
264 1 _aNew York :
_bBantam Books ,
_c1995
300 _a387 pages ;
_c18 cm
336 _2rdacontent
_atext
337 _2rdamedia
_aunmediated
338 _2rdacarrier
_avolume
650 1 0 _aEnglish fiction
700 1 _aAnderson, Kevin J,
_eeditor
942 _ddc
_cB
999 _c51880
_d51880